01018nam a2200265Ia 450000500170000000800410001702000190005810000290007724501080010625000390021430000610025349000540031453400240036865000430039265000480043565000350048370000210051870000300053926400490056933600270061833700330064533800280067804000350070608400110074120220317000953.0160825s2007 mx a g 000 0 spa  a978968164870121 aTraven, Brunod1882-196910aPuente en la selvacBruno Traven ; ilustraciones Manuel Ahumada ; traducción Esperanza López Mateos a2a. edición b5a. reimpresión  a258 páginas bilustraciones en blanco y negro c19 cm  aA la orilla del vientoppara los grandes lectores tBrige on the jungle142LEMBaNovela estadounidense ySiglo XX142LEMB aLiteratura estadounidense ySiglo XX142LEMB aSelva en la literatura 1 aAhumada, Manuel 1 aLópez Mateos, Esperanza aMéxicobFondo de Cultura Económicac2007 atextobtxt2rdacontent asin mediaciónbn2rdamedia avolumenbnc2rdacarrier aCO-BoRNBPbspaerdacCO-BoRNBP aN TRA1